000 00301nam a2200121Ia 4500
008 190216s9999||||xx |||||||||||||| ||und||
100 _a"Engel Thomas,Reid Philip"
245 0 _aStory Time
260 _bUniversity Of Calicut
_c1994
300 _an88p
650 _aEnglish Short Stories
942 _cBK
999 _c13822
_d13822